Kontejnerizace v mezinárodní přepravě. 1
Uplatňovanie kontejnerizácie v medzinárodnej preprave ako progresívnej formy dopravnej technológie. Výhody pre dopravcov a prepravcov, ktoré táto moderná technika prináša. Najpoužívanejšie typy kontejnerov. Kontejnery podľa rozmerov, objemov a nosnosti. Kontejnery podľa konštrukcie. Identifikačné zn...
Salvato in:
| Autore principale: | |
|---|---|
| Natura: | Capitolo di libro |
| Lingua: | ceco |
| Soggetti: | |
| Tags: |
Nessun Tag, puoi essere il primo ad aggiungerne!!
|
MARC
| LEADER | 00000naa a2200000 4500 | ||
|---|---|---|---|
| 001 | r020180 | ||
| 005 | 20230908093056.5 | ||
| 041 | 0 | |a cze | |
| 044 | |a CZ | ||
| 245 | 1 | 0 | |a Kontejnerizace v mezinárodní přepravě. 1 |c M. Šubert |
| 520 | |a Uplatňovanie kontejnerizácie v medzinárodnej preprave ako progresívnej formy dopravnej technológie. Výhody pre dopravcov a prepravcov, ktoré táto moderná technika prináša. Najpoužívanejšie typy kontejnerov. Kontejnery podľa rozmerov, objemov a nosnosti. Kontejnery podľa konštrukcie. Identifikačné značenie. Technická spôsobilosť a bezpečnosť. Údaje na kontejneroch. | ||
| 610 | 2 | 0 | |a kontajnery |
| 610 | 2 | 0 | |a kontajnerizácia |
| 610 | 2 | 0 | |a doprava medzinárodná |
| 610 | 2 | 0 | |a preprava |
| 610 | 2 | 0 | |a normy |
| 610 | 2 | 0 | |a ISO |
| 100 | 1 | |a Šubert, M. | |